Quellouno : (Record no. 23428)

000 -CABECERA
fixed length control field 01877nam a22003497a 4500
003 - IDENTIFICADOR DEL NÚMERO DE CONTROL
control field AR-CdUCM
008 - DATOS DE LONGITUD FIJA--INFORMACIÓN GENERAL
fixed length control field 251224b2024 pe ||||| |||| 00| 0 spa d
020 ## - NÚMERO INTERNACIONAL ESTÁNDAR DEL LIBRO
ISBN 978-612-49792-0-0
040 ## - FUENTE DE LA CATALOGACIÓN
Agencia/entidad que catalogó originalmente la obra MUNICIPALIDAD PROVINCIAL DEL CUSCO
Entidad que transcribió la catalogación BIBLIOTECA MUNICIPAL DEL CUSCO
082 ## - NÚMERO DE LA CLASIFICACIÓN DECIMAL DEWEY
No. de Clasificación 985.61 /
Notacion interna M95
110 ## - ENTRADA PRINCIPAL--NOMBRE DE ENTIDAD CORPORATIVA
Nombre de la institución, jurisdicción como entrada principal Municipalidad Distrital de Quellouno
9 (RLIN) 51857
245 ## - MENCIÓN DE TÍTULO
Título Quellouno :
Resto del título Pueblos Originarios y su Cultura /
260 ## - PUBLICACIÓN, DISTRIBUCIÓN, ETC.
Lugar de publicación, distribución, etc. Quellouno-Cusco :
Nombre de la editorial, distribuidor, etc. Municipalidad Distrital de Quellouno
Fecha de publicación, distribución, etc. 2024
300 ## - DESCRIPCIÓN FÍSICA
Nº de Páginas Extensión 223 páginas. :
Dimensiones 14 x 21 cm.
500 ## - NOTA GENERAL
Bibliografía Páginas: 222 - 223
505 ## - NOTA DE CONTENIDO CON FORMATO
Nota de contenido formateada Aspectos Generales del Distrito Quellouno -- Datos -- División Política y administrativa -- Centros Poblados rurales -- Comunidades Nativas -- CC.NN Chirumbia -- Yokiri -- Matoriato -- Kiraateni -- Cambios y continuidad -- Contexto Histórico -- Quellouno un espacio del Antisuyu Prehispánico -- El proceso colonial -- El contexto republicano -- Pueblos Originarios -- Familias de la amazonia cusqueña -- Alto Urubamba -- Geografía y simbolismos -- Distrito Quellouno -- Historia -- Cosmovisión -- Fiesta tradicional del pueblo Mtsigenka -- Música y danza en la cultura -- Medicina tradicional -- Textilería -- Caza -- Agricultura -- Arquitectura -- Gastronomía tradicional -- Tradición Oral....
650 ## - PUNTO DE ACCESO ADICIONAL DE MATERIA--TÉRMINO DE MATERIA
Descriptor Contexto Urbano
9 (RLIN) 51858
650 ## - PUNTO DE ACCESO ADICIONAL DE MATERIA--TÉRMINO DE MATERIA
Descriptor Misión Virgen del Rosario
9 (RLIN) 51859
650 ## - PUNTO DE ACCESO ADICIONAL DE MATERIA--TÉRMINO DE MATERIA
Descriptor Apostolado
9 (RLIN) 3734
650 ## - PUNTO DE ACCESO ADICIONAL DE MATERIA--TÉRMINO DE MATERIA
Descriptor Resolución de reconocimientos
9 (RLIN) 51861
650 ## - PUNTO DE ACCESO ADICIONAL DE MATERIA--TÉRMINO DE MATERIA
Descriptor Grupos familiares
9 (RLIN) 51862
650 ## - PUNTO DE ACCESO ADICIONAL DE MATERIA--TÉRMINO DE MATERIA
Descriptor Ubicación geográfica
9 (RLIN) 49570
650 ## - PUNTO DE ACCESO ADICIONAL DE MATERIA--TÉRMINO DE MATERIA
Descriptor Límites del anexo
9 (RLIN) 51863
650 ## - PUNTO DE ACCESO ADICIONAL DE MATERIA--TÉRMINO DE MATERIA
Descriptor Continuidad cultural
9 (RLIN) 51864
650 ## - PUNTO DE ACCESO ADICIONAL DE MATERIA--TÉRMINO DE MATERIA
Descriptor Dioses y visiones del mundo
9 (RLIN) 51865
650 ## - PUNTO DE ACCESO ADICIONAL DE MATERIA--TÉRMINO DE MATERIA
Descriptor El Masato
9 (RLIN) 51866
650 ## - PUNTO DE ACCESO ADICIONAL DE MATERIA--TÉRMINO DE MATERIA
Descriptor Instrumentos
9 (RLIN) 8778
650 ## - PUNTO DE ACCESO ADICIONAL DE MATERIA--TÉRMINO DE MATERIA
Descriptor Recomendaciones
9 (RLIN) 51867
942 ## - ELEMENTOS DE PUNTO DE ACCESO ADICIONAL (KOHA)
Fuente de clasificación
Tipo de item Libros-BMC
945 ## - PROCESAMIENTO DE INFORMACIÓN LOCAL (OCLC)
Catalogador jmcs
AAAA-MM-DD - Fecha de ingreso o modificacion 24/12/2025
Holdings
Estado de retiro (separado) Fuente de clasificación o esquema de estanterías Estado dañado Ubicación Sala donde se ubica Nombre de la colección Fecha de adquisición o compra Fuente de adquisición Costo, precio normal en soles Signatura topográfica Código de Barras Última vez visto (Koha) Tipo de ítem (Koha)
No     Sala Humanidades Sala Humanidades Book Cart 2025-12-24 Donación 40.00 985.61 / M95 SH0000017039 2025-12-24 Libros-BMC

Powered by Koha